Lists in Nursery Rhymes - Statistics

General Stats
  • This quiz has been taken 253 times
  • The average score is 21 of 37
Answer Stats
% Correct
I know an old lady who swallowed a ... fly
84%
[Bags of wool] One for the ... little boy
79%
[Bags of wool] One for the ... master
78%
I know an old lady who swallowed a ... cat
75%
There was a crooked ... cat
75%
He played knick-knack ... on my {knee}
75%
He played knick-knack ... on my {shoe}
74%
For want of a nail, the ... was lost shoe
74%
[Bags of wool] One for the ... dame
73%
I know an old lady who swallowed a ... dog
73%
I know an old lady who swallowed a ... spider
72%
There was a crooked ... man
70%
I know an old lady who swallowed a ... horse
69%
For want of a nail, the ... was lost horse
69%
How does your garden grow? and {cockle} {shells}
66%
How does your garden grow? and {pretty} {maids} all in a row
62%
How does your garden grow? With {silver} {bells}
61%
He played knick-knack ... up in {heaven}
58%
I know an old lady who swallowed a ... cow
57%
There was a crooked ... house
57%
He played knick-knack ... on my {door}
57%
[Old King Cole] He called for his ... pipe
57%
There was a crooked ... mouse
55%
[Old King Cole] He called for his ... fiddlers three
54%
He played knick-knack ... on my {gate}
54%
He played knick-knack ... on my {sticks}
52%
He played knick-knack ... on my {hive}
51%
I know an old lady who swallowed a ... bird
48%
He played knick-knack ... on my {thumb}
48%
There was a crooked ... mile
44%
[Old King Cole] He called for his ... bowl
39%
There was a crooked ... stile
36%
There was a crooked ... sixpence
29%
He played knick-knack ... on my {spine}
25%
For want of a nail, the ... was lost battle
15%
For want of a nail, the ... was lost kingdom
12%
For want of a nail, the ... was lost rider
10%
No matching quizzes found
Score Distribution
Percent of People with Each Score
Percentile by Number Answered
Your Score History
You have not taken this quiz